=LDR 00000nam 2200000 4500 =001 INLIS000000000810099 =005 20251016023006 =035 ##$$a 0010-1025000082 =008 251016###########################0#ind## =245 ##$$a Mushthalah Hadits /$c Syaikh Dr. Mahmud Thahhan =260 ##$:$b Media Hidayah =082 ##$$a 297.124 =084 ##$$a 297.124 MAH m